[Event "ROM-ch U12 Girls"]
[Site "Baile Felix"]
[Date "2017.02.05"]
[Round "4"]
[White "Serbanuta, Teodora"]
[Black "Dragomir, Carmen Teodora"]
[Result "0-1"]
[WhiteElo "1117"]
[BlackElo "1435"]
[PlyCount "68"]
[EventDate "2017.02.02"]
[EventType "swiss"]
[EventRounds "9"]
[EventCountry "ROU"]
[SourceTitle "CBM 176 Extra"]
[Source "ChessBase"]
[SourceDate "2017.03.02"]
[SourceVersion "1"]
[SourceVersionDate "2017.03.02"]
[SourceQuality "1"]

1. e4 c5 2. c3 Nf6 3. e5 Nd5 4. d4 e6 5. Ne2 cxd4 6. cxd4 d6 7. g3 Be7 8. Bg2 Nc7 9. 0-0 0-0 10. Nd2 Nd7 11. f4 Nb6 12. b3 Ncd5 13. Nc4 Qc7 14. Qd3 Bd7 15. Bb2 Bb5 16. Rfc1 Qb8 17. a4 Ba6 18. Rc2 Nb4 19. Qd1 Nxc2 20. Qxc2 Rc8 21. exd6 Bxd6 22. Be4 g6 23. Bd3 Rc7 24. Qc3 Nd5 25. Qd2 Bb4 26. Qd1 f5 27. Rc1 b5 28. Ne5 Qb7 29. Rxc7 Nxc7 30. Nd7 Nd5 31. axb5 Ne3 32. Nf6+ Kg7 33. d5 Nxd1 34. Bd4 Kf7 0-1

[Event "ROM-ch U10 Girls"]
[Site "Calimanesti"]
[Date "2015.04.01"]
[Round "3"]
[White "Dragomir, Carmen Teodora"]
[Black "Bajenaru, Bianca Emiliana"]
[Result "1-0"]
[WhiteElo "1283"]
[BlackElo "1012"]
[PlyCount "69"]
[EventDate "2015.03.30"]
[EventType "swiss"]
[EventRounds "9"]
[EventCountry "ROU"]
[SourceTitle "CBM 165 Extra"]
[Source "ChessBase"]
[SourceDate "2015.04.21"]
[SourceVersion "1"]
[SourceVersionDate "2015.04.21"]
[SourceQuality "1"]

1. e4 e5 2. Nf3 Nc6 3. Bc4 Bc5 4. c3 Nf6 5. d4 exd4 6. cxd4 Bb4+ 7. Bd2 Nxe4 8. Bxb4 Nxb4 9. 0-0 0-0 10. a3 Nc6 11. d5 Ne7 12. Qd4 Nf6 13. Re1 Ng6 14. d6 Re8 15. Nc3 b6 16. Ng5 Nh8 17. dxc7 Qxc7 18. Rxe8+ Nxe8 19. Qe4 Nf6 20. Qxa8 Qxc4 21. Rc1 Qc6 22. Qxa7 h6 23. Nf3 Ne4 24. Ne5 Qc5 25. Nd3 Qc6 26. Nxe4 Qxe4 27. Rxc8+ Kh7 28. Qxd7 Qe2 29. Rc1 Qd2 30. Qf5+ g6 31. Qf3 f5 32. Rc7+ Nf7 33. Rxf7+ Kg8 34. Ra7 Kf8 35. Qa8# 1-0

[Event "ROM-ch U10 Girls"]
[Site "Calimanesti"]
[Date "2015.03.31"]
[Round "2"]
[White "Stan, Luciana Gabriela"]
[Black "Dragomir, Carmen Teodora"]
[Result "1-0"]
[WhiteElo "1503"]
[BlackElo "1283"]
[PlyCount "85"]
[EventDate "2015.03.30"]
[EventType "swiss"]
[EventRounds "9"]
[EventCountry "ROU"]
[SourceTitle "CBM 165 Extra"]
[Source "ChessBase"]
[SourceDate "2015.04.21"]
[SourceVersion "1"]
[SourceVersionDate "2015.04.21"]
[SourceQuality "1"]

1. e4 c5 2. Nf3 d6 3. Bc4 Nf6 4. d3 a6 5. c3 e6 6. Bb3 b5 7. Bg5 Be7 8. 0-0 0-0 9. Re1 Nbd7 10. d4 Bb7 11. Nbd2 c4 12. Bc2 e5 13. d5 Nc5 14. Nf1 Nfxe4 15. Bxe7 Nxc3 16. Bxd8 Nxd1 17. Be7 Rfc8 18. Raxd1 f6 19. Bxd6 Na4 20. Bxa4 bxa4 21. Bb4 Rd8 22. Ne3 a5 23. Bc3 e4 24. Nh4 g5 25. Nhf5 Ra6 26. Nxc4 Rxd5 27. Ne7+ Kf7 28. Nxd5 Bxd5 29. Rxd5 Kg6 30. Rxa5 Re6 31. Rxa4 h6 32. Ra8 Kf7 33. a4 Ke7 34. a5 Kd7 35. a6 Kc7 36. Rd1 Kc6 37. Rd6+ Rxd6 38. Nxd6 Kxd6 39. Rb8 Ke6 40. a7 Kd5 41. a8Q+ Kc4 42. Qxe4+ Kc5 43. Bb4# 1-0

[Event "ROM-ch U10 Girls"]
[Site "Calimanesti"]
[Date "2014.04.07"]
[Round "2"]
[White "Maniul, Francesca Medeea"]
[Black "Dragomir, Carmen Teodora"]
[Result "0-1"]
[WhiteElo "1001"]
[BlackElo "1158"]
[PlyCount "72"]
[EventDate "2014.04.06"]
[EventType "swiss"]
[EventRounds "9"]
[EventCountry "ROU"]
[SourceTitle "CBM 160 Extra"]
[Source "ChessBase"]
[SourceDate "2014.07.01"]
[SourceVersion "1"]
[SourceVersionDate "2014.07.01"]
[SourceQuality "1"]

1. e4 c5 2. Nf3 d6 3. Bd3 Nf6 4. Nc3 Bg4 5. h3 Bxf3 6. Qxf3 Nc6 7. 0-0 Nd4 8. Qd1 e6 9. Re1 Qc7 10. b3 a6 11. Bb2 b5 12. Ne2 e5 13. a4 Rb8 14. c3 Ne6 15. axb5 axb5 16. Bxb5+ Rxb5 17. Ra3 c4 18. Qc2 cxb3 19. Rxb3 Rxb3 20. Qxb3 Nxe4 21. Qc2 f5 22. d3 Nf6 23. Qb3 Nc5 24. Qc2 Be7 25. d4 Nce4 26. Ra1 0-0 27. f3 Ng5 28. f4 exf4 29. Nxf4 Nge4 30. Nd3 d5 31. Nb4 Bxb4 32. Qa4 Bd6 33. Ba3 Bh2+ 34. Kf1 Qf4+ 35. Ke1 Qe3+ 36. Kd1 Qd2# 0-1

[Event "ROM-ch U08 Girls"]
[Site "Calimanesti"]
[Date "2013.04.05"]
[Round "6"]
[White "Preda, Alessia Elena"]
[Black "Dragomir, Carmen Teodora"]
[Result "1-0"]
[WhiteElo "1003"]
[BlackElo "1068"]
[PlyCount "55"]
[EventDate "2013.04.02"]
[EventType "swiss"]
[EventRounds "9"]
[EventCountry "ROU"]
[SourceTitle "CBM 153 Extra"]
[Source "ChessBase"]
[SourceDate "2013.04.22"]
[SourceVersion "1"]
[SourceVersionDate "2013.04.22"]
[SourceQuality "1"]

1. e4 c5 2. d4 cxd4 3. Qxd4 Nc6 4. Qd1 Nf6 5. Nc3 d6 6. Nf3 a6 7. Bc4 e6 8. 0-0 Be7 9. Bf4 Nh5 10. Qd2 Nxf4 11. Qxf4 e5 12. Qxf7+ Kd7 13. Qxg7 Kc7 14. Bf7 Kb8 15. Nd5 Bf8 16. Qxh8 h6 17. Nf6 a5 18. Rad1 Ra6 19. Ne8 Nb4 20. Nxe5 Bh3 21. gxh3 Qg5+ 22. Kh1 Be7 23. Nxd6+ Ka7 24. Nc8+ Kb8 25. Nxe7+ Kc7 26. Qc8+ Kb6 27. Nd7+ Ka7 28. Qb8# 1-0